| 000 | 00549nam a2200157 a 4500 | ||
|---|---|---|---|
| 008 | 120416s1965 ||||||||||||||||| || u | ||
| 050 | _aHC 905 Hou | ||
| 100 | _aHoughton, D. Hobart | ||
| 245 | 1 | 4 | _aThe South African economy |
| 260 |
_aCape Town _bOxford University Press _c1965 |
||
| 300 | _ax, 261p. : ill. | ||
| 350 | _a0.00 | ||
| 650 | _aECONOMICS--SOUTH AFRICA | ||
| 650 | 0 | _aECONOMICS | |
| 995 |
_D0.00 _FCBU-MAIN LIBRARY (Kitwe) _H1 _I0.00 _M1 _UAVAILABLE _ZAnnex Low-Usage Collection |
||
| 999 |
_c57974 _d57974 |
||